000 00568nam a2200169Ia 4500
003 GCL
008 140319s9999 xx 000 0 ara d
040 _aGCL /
_cGCL
082 0 4 _aق
_b953.0738
_bح ف
100 1 _aحسن ابراهيم حسن
245 1 0 _aالفاطميون فى مصر واعمالهم السياسية والدينية بوجه خاص /
_cحسن ابراهيم حسن
300 _a367 ص
490 _a100 قصة
_v0
650 0 4 _aالاحوال السياسية
650 0 4 _aالدولة الفاطمية ( 969 - 1171م )
942 _2ddc
_cBK
999 _c46388
_d46388